000 00918nmm a2200277 a 4500
001 ocm000573857
003 TR-IsHL
005 20201028120651.0
008 130627s2006 tu tur
007 cr cn
020 _a9789756628850
035 _a573857
_b(N$T)
050 0 4 _aPL240
_b.G85 2006
090 0 4 _aPL240
_b.G85 2006
245 1 0 _aGülümseyin öyküleri önemseyin: anneler - babalar öğretmenler - öğrenciler
_h[electronic resource] /
_chaz. Ahmet Çağlayan
250 _a2. bs.
260 _aİstanbul :
_bAğaç Kitabevi Yayınları,
_c2006
300 _a304 p.
650 4 _aDil ve Edebiyat
650 4 _aLanguage and Literature
650 0 _aKısa hikayeler
650 0 _aShort stories
650 7 _aLITERARY CRITICISM / Short Stories
_2bisacsh
700 1 _aÇağlayan, Ahmet
856 4 0 _uhttp://search.ebscohost.com/login.aspx?direct=true&scope=site&db=e011xww&AN=573857
999 _c910
_d910